Normal view
MARC view
- The World Bank
Entry Personal Name
001 - CONTROL NUMBER
- control field: 19583
003 - CONTROL NUMBER IDENTIFIER
- control field: NUST
005 - DATE AND TIME OF LATEST TRANSACTION
- control field: 20190827054815.0
008 - FIXED-LENGTH DATA ELEMENTS
- fixed length control field: 190827|| aca||aabn | a|a d
040 ## - CATALOGING SOURCE
- Original cataloging agency: NUST
- Transcribing agency: NUST
100 ## - HEADING--PERSONAL NAME
- Personal name: The World Bank
670 ## - SOURCE DATA FOUND
- Source citation: Work cat.: (NUST): The World Bank, Tool kit :A guide for hiring and managing /, 2001
